PRÁCA VTS PRE STAVEBNÍCTVO NA SLOVENSKU

Bibliographic Details
Main Author: Trokan, Jozef, 1919-2002 (Author)
Format: Article
Language:Slovak

MARC

LEADER 00000nab a2200000uu 4500
001 vtls011484796
003 SK-MaSNL
005 20260303155635.0
008 230222|1957 xo |||||||||||||||||slo|
015 |a SNBRB 
035 |a (urnnbn)urn:nbn:sk:snk:ar-0077wa 
035 |a (uuid)be695561-7b96-464f-bb0a-2c816fd7f4a1 
035 |a urn:nbn:sk:snk-abdbbb 
040 |a SNKBUCL  |b slo  |c SNKBUCL  |e AACR2 
041 0 |a slo 
044 |a xo  |c SK 
100 1 |a Trokan, Jozef,  |d 1919-2002  |4 aut  |9 210677 
245 1 0 |a PRÁCA VTS PRE STAVEBNÍCTVO NA SLOVENSKU  |c Jozef Trokan 
773 0 |t Stavba : časopis pre techniku a ekonomiku stavebníctva  |g Roč. 4, č. 4 (1957), s. [97]-98 
954 |a odborná, vedecká literatúra pôvodná (slovenská)  |2 lita 
958 |a OND 
958 |a EUIPO 
958 |a article18 
999 |c 2041521  |d 2043451